1576 1828 1252 1730 1818 1571 1560 1898 1417 1076 1011 1688 1280 1627 1847 1942 1697 1933 1117 1384 1468 1098 1712 1073 1352 1056 1973 1205 1725 1257 1674 1994 1969 1319 1589 1019 1658 1085 1113 1498 1308 1830 1298 1534 1868 1595 1990 1912 1515 1042 1934 1161 1180 1961 1405 1760 1012 1994 1624 1334 1318 1031 1517 1265 1174 1135 1371 1700 1543 1846 1119 1661 1194 1443 1181 1308 1707 1808 1283 1256 1382 1565 1689 1305 1925 1179 1757 1177 1495 1768 1398 1176 1416 1328 1057 1157 1977 1192 1988 BCNSPRNW ULIB Ver.6.0+V

เปลี่ยนเป็นภาษาไทย

Change to English
 แสดงรายละเอียดบรรณานุกรม
  กลับหน้าหลัก

Brief Record : Get Marc (ISO 2709) : E-mail record : QR code < ปิดหน้าต่าง
LEADER : 00000nam 2200000uu 4500
001    13399125969
003     ULIB
008    171124s2557||||th 000 0 tha d
020    ^a9786169173700
060  0 ^aWU7 อ292ร
100 0  ^aอมรสิทธ์ เมืองคุ้ม
245 00 ^aรักปาก รักษ์ฟัน3"ปวดฟัน ป้องกันได้"/^bอมรสิทธ์ เมืองคุ้ม
250    ^aพิมพ์ครั้งที่ 4
260    ^aกรุงเทพฯ: ^bเอมี่ เอ็นเตอร์ไพรส์, ^c2557
300    ^a138 หน้า,^bภาพประกอบ
650  0 ^aฟัน--การดูแลและสุขวิทยา
650  0 ^aปาก--โรค
945    ^p0^l0^i25700
945    ^p0^l0^i25701
945    ^p0^l0^i25702
999    ^aกัณชพร จุลอักษร
รายการนี้ยังไม่มีแท็ก
คุณยังไม่ได้ล็อกอิน คุณสามารถมีกิจกรรมร่วมกับเว็บไซต์ได้ แต่ต้องล็อกอินก่อน ::
  ล็อกอิน

รายการสื่อสารสนเทศ

ลำดับที่ ประเภท เลขเรียก/บาร์โค้ด สถานที่ สถานะ
1. หนังสือสำรอง
หนังสือสำรอง
สถานะ=หนังสือเก่า
WU7 อ292ร ฉ.1 
  Barcode: 25700
ห้องสมุดวิทยาเขตนครสวรรค์
►ส่วนจัดเก็บหนังสือเก่า นว.
บนชั้น
  ขอยืม
2. วิทยาศาสตร์การแพทย์ และสุขภาพ
วิทยาศาสตร์การแพทย์ และสุขภาพ
สถานะ=หนังสือเก่า
WU7 อ292ร ฉ.2 
  Barcode: 25701
ห้องสมุดวิทยาเขตนครสวรรค์
►ส่วนจัดเก็บหนังสือเก่า นว.
บนชั้น
  ขอยืม
3. วิทยาศาสตร์การแพทย์ และสุขภาพ
วิทยาศาสตร์การแพทย์ และสุขภาพ
สถานะ=หนังสือเก่า
WU7 อ292ร ฉ.3 
  Barcode: 25702
ห้องสมุดวิทยาเขตนครสวรรค์
►ส่วนจัดเก็บหนังสือเก่า นว.
บนชั้น
  ขอยืม

รายการใกล้เคียง
    ผู้แต่ง [อมรสิทธ์ เมืองคุ้ม]

    หัวเรื่อง [ฟัน--การดูแลและสุขวิทยา]
    หัวเรื่อง [ปาก--โรค]

BibComment


ยังไม่เคยถูกคอมเมนท์

คอมเมนท์ทรัพยากรรายการนี้
  คอมเมนท์: รักปาก รักษ์ฟัน3..


 Copyright 2026. Bcnsprnw @Library